00689nam a2200205 i 4500003000900000005001700009007000300026008004100029040003000070082001400100100002300114245009300137264006100230300002600291336002700317337003400344338002800378504002500406710005200431DO-SdBNP20240306175326.0ta110413s1987 dr 000 0 spa d aDO-SdBNPbspacBNPHUerda bO495r222 aOlivo, Carmen Iris10aReglas de archivo para usarse en el catalogo de la Biblioteca UNPHU /cCarmen Iris Olivo aCiudad Trujillo, República Dominicana :bUNPHU,c1987. a14 páginas c28 cm. 2rdacontentatextobtxt 2rdamediaasin mediación bn 2rdacarrieravolumenbnc aBibliografía p: 162 aUniversidad Nacional Pedro Henríquez Ureña